ბათუმის შოთა რუსთაველის სახელმწიფო უნივერსიტეტის ბიბლიოთეკა

მოსკოვიდან დაშორებით (ბიბ.ჩანაწერი № 48634)

000 -LEADER
fixed length control field 00821nam a2200229Ia 4500
001 - CONTROL NUMBER
control field 15534
003 - CONTROL NUMBER IDENTIFIER
control field GE_BSU
008 - FIXED-LENGTH DATA ELEMENTS--GENERAL INFORMATION
fixed length control field 181216s||||||||xx |||||||||||||| ||und||
040 ## - CATALOGING SOURCE
Transcribing agency GE_BSU
080 ## - UNIVERSAL DECIMAL CLASSIFICATION NUMBER
Universal Decimal Classification number 821.161.1-31
100 ## - MAIN ENTRY--PERSONAL NAME
Personal name აჟაევი,ვასილ
245 ## - TITLE STATEMENT
Title მოსკოვიდან დაშორებით
245 ## - TITLE STATEMENT
Remainder of title რომანი
245 ## - TITLE STATEMENT
Statement of responsibility, etc. რეედ.ი.წულუკიძე.მხატვ.ვ.გიორგობიანი. მთარგმნ. პოლიო აბრამია
260 ## - PUBLICATION, DISTRIBUTION, ETC.
Place of publication, distribution, etc. თბილისი
260 ## - PUBLICATION, DISTRIBUTION, ETC.
Name of publisher, distributor, etc. სახელგამი
260 ## - PUBLICATION, DISTRIBUTION, ETC.
Date of publication, distribution, etc. 1952
300 ## - PHYSICAL DESCRIPTION
Extent 890გვ.1ფ.პორტრ.21სმ.
653 ## - INDEX TERM--UNCONTROLLED
Uncontrolled term მოსკოვიდან დაშორებით
653 ## - INDEX TERM--UNCONTROLLED
Uncontrolled term რომანი
942 ## - ADDED ENTRY ELEMENTS (KOHA)
Koha item type წიგნი
ეგზემპლარები
Withdrawn status Lost status Damaged status Not for loan Date acquired Barcode Date last seen Price effective from Koha item type
        2018-12-17 21099 2018-12-17 2018-12-17 წიგნი